[Event "Mondiale Lampo FIDE 2017"]
[Site "Riyadh"]
[Date "30.12.2017"]
[Round "15.51"]
[White "Dervishi, Erald"]
[Black "Ibrahimov, Rasul"]
[Result "0-1"]
[WhiteTitle "GM"]
[BlackTitle "GM"]
[WhiteElo "2552"]
[BlackElo "2518"]
[WhiteFideId "4700236"]
[BlackFideId "13400495"]
[EventDate "2017.12.29"]

1. e4 c5 2. Nf3 d6 3. d4 cxd4 4. Nxd4 Nf6 5. Nc3 a6 6. Be2 e5 7. Nb3 Be7 8. O-O
O-O 9. Kh1 Nc6 10. f4 b5 11. Bf3 Na5 12. Nxa5 Qxa5 13. fxe5 dxe5 14. Bg5 Bb7 15.
Qe1 Qc7 16. a3 Ne8 17. Bxe7 Qxe7 18. a4 Nd6 19. a5 Rac8 20. Qf2 b4 21. Nd5 Bxd5
22. exd5 e4 23. Bd1 Nc4 24. Qd4 Qc5 25. Qxe4 Nd2 26. Qf4 Nxf1 27. Qxf1 Qc4 28.
Qxc4 Rxc4 29. b3 Rd4 30. Be2 Rxd5 31. Bxa6 Ra8 32. Bb7 Rdxa5 33. Rd1 Ra1 34. Rg1
Rxg1+ 35. Kxg1 Rd8 36. Be4 Rd2 37. Kf1 g6 38. Ke1 Rd4 39. Bd3 f5 40. Ke2 Kf7 41.
Ke3 Rd6 42. Bc4+ Kf6 43. h4 Ke5 44. g3 h6 45. Bd3 g5 46. hxg5 hxg5 47. Ke2 Rh6
48. Ba6 Kd4 49. Kf3 Rh2 50. Bd3 Ke5 51. Ke3 g4 52. Be2 Rg2 53. Kd3 Rxg3+ 0-1

[Event "Mondiale Lampo FIDE 2017"]
[Site "Riyadh"]
[Date "30.12.2017"]
[Round "15.52"]
[White "Minko, Vladimir"]
[Black "Potkin, Vladimir"]
[Result "0-1"]
[WhiteTitle "IM"]
[BlackTitle "GM"]
[WhiteElo "2381"]
[BlackElo "2574"]
[WhiteFideId "24146706"]
[BlackFideId "4131061"]
[EventDate "2017.12.29"]

1. d4 d5 2. c4 e6 3. Nf3 Nf6 4. g3 dxc4 5. Bg2 a6 6. O-O Nc6 7. Nc3 Be7 8. e4
O-O 9. a4 Rb8 10. e5 Nd5 11. Ne4 h6 12. g4 f6 13. exf6 Nxf6 14. Nxf6+ Bxf6 15.
Be3 b5 16. Qd2 e5 17. d5 e4 18. Ne1 Ne5 19. h3 Nf3+ 20. Nxf3 exf3 21. Bxf3 Bxb2
22. Qxb2 Rxf3 23. Kg2 Qxd5 24. Rad1 Qc6 25. Rd8+ Rf8+ 0-1

[Event "Mondiale Lampo FIDE 2017"]
[Site "Riyadh"]
[Date "30.12.2017"]
[Round "15.53"]
[White "Ganguly, Surya Shekhar"]
[Black "Saeed, Ishaq"]
[Result "1-0"]
[WhiteTitle "GM"]
[BlackTitle "FM"]
[WhiteElo "2650"]
[BlackElo "2434"]
[WhiteFideId "5002150"]
[BlackFideId "9301453"]
[EventDate "2017.12.29"]

1. e4 e5 2. Nf3 Nc6 3. Bc4 Bc5 4. c3 Nf6 5. d3 d6 6. a4 a6 7. O-O O-O 8. Re1 Ba7
9. h3 Ne7 10. d4 Ng6 11. b4 Qe7 12. Nbd2 Nf4 13. Bf1 Re8 14. Nc4 Ng6 15. Bd3 Bd7
16. Bd2 Bc6 17. Qc2 Bd7 18. Rab1 Nh5 19. b5 axb5 20. axb5 Nhf4 21. Bf1 Qf6 22.
Qd1 Rad8 23. b6 cxb6 24. Nxb6 Bc6 25. d5 Bd7 26. Nxd7 Rxd7 27. Bb5 Rde7 28. Bxe8
Rxe8 29. Rxb7 Bc5 30. Be3 h6 31. Bxc5 dxc5 32. c4 Ra8 33. Qb3 Kh7 34. Rb6 Qe7
35. Kh2 Nh4 36. Nxh4 Qxh4 37. Qg3 Qd8 38. Reb1 Ra2 39. R6b2 Ra4 40. Qb3 Rb4 41.
Qc2 Ra4 42. Qxa4 Qg5 43. g3 Nd3 44. Qd7 Nxb2 45. Rxb2 Qc1 46. Qf5+ 1-0

[Event "Mondiale Lampo FIDE 2017"]
[Site "Riyadh"]
[Date "30.12.2017"]
[Round "15.54"]
[White "El Adnani, Mokliss"]
[Black "McShane, Luke J"]
[Result "0-1"]
[WhiteTitle "IM"]
[BlackTitle "GM"]
[WhiteElo "2448"]
[BlackElo "2640"]
[WhiteFideId "9000410"]
[BlackFideId "404853"]
[EventDate "2017.12.29"]

1. e4 c5 2. Nf3 d6 3. d4 cxd4 4. Nxd4 Nf6 5. Nc3 g6 6. Be3 Bg7 7. f3 O-O 8. Qd2
Nc6 9. O-O-O d5 10. Qe1 e6 11. h4 Qc7 12. h5 Nxh5 13. g4 Nxd4 14. Bxd4 Bxd4 15.
Rxd4 Qf4+ 16. Kb1 Qxf3 17. Bg2 Qxg4 18. Bh3 Qf4 19. Ne2 Qe5 20. Qh4 dxe4 21.
Rxe4 Qf6 22. Qe1 Bd7 23. Rf1 Qg5 24. Nd4 Rad8 25. Bg4 Nf6 26. Nf3 Qh6 27. Rb4
Nxg4 28. Rxg4 Bb5 29. Rh4 Qg7 30. Rfh1 Rd5 31. Rxh7 Qxh7 32. Rxh7 Kxh7 33. b3
Bc6 34. Qg3 Kg7 35. Ng5 Rf5 36. Qc3+ Kg8 37. Qg3 Rd8 38. Qh4 Rdd5 39. Qh7+ Kf8
40. Qh8+ Ke7 41. Nh7 Rd8 42. Qc3 g5 43. Qb4+ Kd7 44. Qd4+ Ke8 45. Qh8+ Ke7 46.
Qc3 g4 47. Qb4+ Kd7 48. Qxg4 Kc8 49. Qg1 a6 50. Qe3 Rh8 51. Ng5 Rg8 52. Nxf7 Kd7
53. Nh6 Rf1+ 54. Kb2 Rgf8 55. Qd3+ Kc7 56. Ng4 R1f4 57. Qg3 Kb6 58. Ne5 R4f5 59.
Qh2 Bd5 60. Nd3 Ka7 61. Qd6 Ka8 62. a4 Rc8 63. a5 Rf7 64. Nb4 Rfc7 65. c4 Bh1
66. Qxe6 Bg2 67. Nd3 Bc6 68. Ka3 Re8 69. Qg6 Rec8 70. Nb2 Rd7 71. Qg5 Rdc7 72.
Nd3 Rd7 73. Ne5 Rdc7 74. Qe3 Be8 75. Nd3 Bc6 76. Nb4 Rd8 77. Qb6 Rdc8 78. Nd3
Rd7 79. Ne5 Rdc7 80. Nd3 Be4 81. Nb4 Bc6 82. Qd4 Bh1 83. Nd3 Bc6 84. Ne5 Re8 85.
Qd6 Rec8 86. b4 Be8 87. Kb3 Rh7 88. Qe6 Rd8 89. c5 Bb5 90. Qf5 Re7 91. Qf6 Rde8
92. Ng4 Re4 93. Qg6 R4e6 94. Qf5 Bd7 95. Qf3 Re4 96. Qf7 Be6+ 0-1

[Event "Mondiale Lampo FIDE 2017"]
[Site "Riyadh"]
[Date "30.12.2017"]
[Round "15.55"]
[White "Miton, Kamil"]
[Black "Samhouri, A."]
[Result "1-0"]
[WhiteTitle "GM"]
[BlackTitle "FM"]
[WhiteElo "2584"]
[BlackElo "2355"]
[WhiteFideId "1111914"]
[BlackFideId "8100640"]
[EventDate "2017.12.29"]

1. d4 d5 2. c4 Nc6 3. cxd5 Qxd5 4. e3 e5 5. Nc3 Bb4 6. Bd2 Bxc3 7. bxc3 Qd6 8.
Bd3 Nf6 9. Ne2 O-O 10. Ng3 Re8 11. O-O Ne7 12. Qc2 Ng6 13. Rad1 c6 14. Bc1 Qe7
15. c4 Bd7 16. Bb2 e4 17. Be2 Nh4 18. d5 cxd5 19. cxd5 Qd6 20. Qb3 Rac8 21. Rd4
Nf5 22. Rd2 Nxg3 23. hxg3 Ng4 24. Bxg4 Bxg4 25. Ba3 Qh6 26. Qb2 b6 27. d6 Rcd8
28. Qd4 Qg5 29. Bb2 Re6 30. Rc1 Rh6 31. d7 f6 32. Rc8 Rxc8 33. dxc8=Q+ Bxc8 34.
Qd8+ Kf7 35. Qxc8 Kg6 36. g4 Qh4 37. Qf5+ Kf7 38. Rd7+ Ke8 39. Qe6+ 1-0

[Event "Mondiale Lampo FIDE 2017"]
[Site "Riyadh"]
[Date "30.12.2017"]
[Round "15.56"]
[White "Tissir, Mohamed"]
[Black "Al-Modiahki, Mohamad"]
[Result "0-1"]
[WhiteTitle "IM"]
[BlackTitle "GM"]
[WhiteElo "2381"]
[BlackElo "2542"]
[WhiteFideId "9000240"]
[BlackFideId "12100030"]
[EventDate "2017.12.29"]

1. e4 c5 2. Nc3 Nc6 3. Bb5 g6 4. Bxc6 bxc6 5. d3 Bg7 6. Be3 d6 7. Nge2 Nf6 8. h3
O-O 9. O-O e5 10. Qd2 Qc7 11. Bh6 Be6 12. Bxg7 Kxg7 13. f4 exf4 14. Qxf4 Nh5 15.
Qe3 Rae8 16. Ng3 Nxg3 17. Qxg3 f6 18. Rf2 Qb8 19. b3 Qb4 20. Ne2 d5 21. exd5
cxd5 22. Raf1 Bg8 23. Nf4 Kh8 24. Kh1 Qd4 25. Rf3 Qe5 26. Qh4 Kg7 27. R3f2 Qg5
28. Qxg5 fxg5 29. Ne2 Rxf2 30. Rxf2 d4 31. c3 Re3 32. cxd4 cxd4 33. Nxd4 Rxd3
34. Nb5 a5 35. Kh2 h5 36. Rc2 g4 37. hxg4 hxg4 38. Rc3 g3+ 39. Kh3 Be6+ 40. Kh4
Rd2 41. Kxg3 Bd5 42. Rc7+ Kh6 43. Kf4 Rxa2 44. g4 Rf2+ 45. Ke3 Rf3+ 46. Kd4 Bxb3
47. Nd6 Kg5 48. Rc5+ Kxg4 49. Rxa5 Rf4+ 50. Ke3 Rf3+ 51. Kd4 Bc2 52. Nc4 Rf4+
53. Kc3 Bf5 54. Ne5+ Kh3 55. Ra6 g5 56. Rh6+ Kg3 57. Rf6 Be4 58. Rh6 Rf5 59. Kd4
Rf4 60. Ke3 Bd5 61. Nd3 Rf3+ 62. Kd4 Ba8 63. Ne5 Rf4+ 64. Kd3 Be4+ 65. Ke3 Bd5
66. Nd3 Re4+ 67. Kd2 Bc4 68. Nc5 Re5 69. Na4 g4 70. Nb6 Bb5 71. Rf6 Kh2 72. Nc8
g3 73. Nd6 g2 74. Nxb5 g1=Q 0-1

[Event "Mondiale Lampo FIDE 2017"]
[Site "Riyadh"]
[Date "30.12.2017"]
[Round "15.57"]
[White "Halkias, Stelios"]
[Black "Amer, Said Salim Al Maashani"]
[Result "1-0"]
[WhiteTitle "GM"]
[BlackTitle "FM"]
[WhiteElo "2571"]
[BlackElo "2103"]
[WhiteFideId "4201809"]
[BlackFideId "22000100"]
[EventDate "2017.12.29"]

1. Nf3 c5 2. c4 Nf6 3. g3 d5 4. cxd5 Nxd5 5. Bg2 Nc6 6. O-O e5 7. Nc3 Nc7 8. d3
Be7 9. a3 O-O 10. Be3 Rb8 11. Rc1 f5 12. b4 cxb4 13. axb4 Bf6 14. b5 Nd4 15. Bd2
Be6 16. Qa4 b6 17. Nxd4 exd4 18. Nb1 Bd5 19. Bf4 Bxg2 20. Kxg2 Rb7 21. Bxc7 Rxc7
22. Rxc7 Qxc7 23. Nd2 Re8 24. Re1 Re5 25. Nc4 Re7 26. Qa3 h5 27. Qd6 Qxd6 28.
Nxd6 Re5 29. Kf1 Rd5 30. Nc8 Rxb5 31. Nxa7 Rb2 32. Rc1 Be7 33. Nc6 Bc5 34. Rc4
Rb1+ 35. Kg2 g6 36. h4 Kf7 37. Nxd4 Rb2 38. Kf1 Rb1+ 39. Kg2 Re1 40. e3 Rd1 41.
Nf3 Rxd3 42. Ne5+ 1-0

[Event "Mondiale Lampo FIDE 2017"]
[Site "Riyadh"]
[Date "30.12.2017"]
[Round "15.58"]
[White "Khader, Sami"]
[Black "Al-Sayed, Mohammed"]
[Result "1/2-1/2"]
[WhiteTitle "IM"]
[BlackTitle "GM"]
[WhiteElo "2392"]
[BlackElo "2511"]
[WhiteFideId "8100500"]
[BlackFideId "12100196"]
[EventDate "2017.12.29"]

1. e4 c5 2. Nf3 d6 3. d4 cxd4 4. Nxd4 Nf6 5. Nc3 a6 6. Bg5 Nbd7 7. f4 Qc7 8. Qe2
e5 9. Nf5 h6 10. Bxf6 Nxf6 11. O-O-O Be6 12. Ne3 exf4 13. Ned5 Bxd5 14. Nxd5
Nxd5 15. exd5+ Be7 16. Qe4 O-O 17. Bd3 g6 18. h4 Bf6 19. Qxf4 1/2-1/2

[Event "Mondiale Lampo FIDE 2017"]
[Site "Riyadh"]
[Date "30.12.2017"]
[Round "15.59"]
[White "Al-Saffar, Araz Basim Mohammed S"]
[Black "Haddouche, Mohamed"]
[Result "1/2-1/2"]
[WhiteTitle "IM"]
[BlackTitle "GM"]
[WhiteElo "2368"]
[BlackElo "2505"]
[WhiteFideId "4801040"]
[BlackFideId "7900660"]
[EventDate "2017.12.29"]

1. d4 d6 2. c4 e5 3. Nf3 Nd7 4. g3 Ngf6 5. Bg2 g6 6. O-O Bg7 7. Nc3 O-O 8. h3
Re8 9. Be3 exd4 10. Bxd4 c6 11. Qd2 Qe7 12. Rad1 Nc5 13. Rfe1 Nce4 14. Nxe4 Nxe4
15. Qc1 h5 16. Bxg7 Kxg7 17. Nd2 Nf6 18. Qc3 Qe5 19. Qxe5 dxe5 20. h4 Be6 21. b3
Red8 22. Ne4 Nxe4 23. Bxe4 a5 24. a4 Kf6 25. e3 Ke7 26. Kf1 Rd6 27. Ke2 Rad8 28.
Rxd6 Rxd6 29. Rd1 Rxd1 30. Kxd1 Kd6 31. Kd2 Kc5 32. Kc3 Bg4 33. f4 f5 34. Bc2 e4
35. Bb1 Bd1 36. Ba2 b6 37. Kd2 Bf3 38. Kc3 Be2 39. Bb1 Bf1 40. Bc2 Be2 41. Kd2
Bf3 42. Kc3 Bg4 43. Bb1 Bd1 44. Ba2 Bf3 45. Bb1 Bg2 46. Bc2 Bf1 47. Bb1 Be2 48.
Bc2 Bg4 49. Bb1 Bh3 50. Bc2 Bf1 51. Bb1 Bg2 52. Bc2 Bf3 1/2-1/2

[Event "Mondiale Lampo FIDE 2017"]
[Site "Riyadh"]
[Date "30.12.2017"]
[Round "15.60"]
[White "Malakhatko, Vadim"]
[Black "Al Jabri, Mohammed Ali"]
[Result "1-0"]
[WhiteTitle "GM"]
[WhiteElo "2542"]
[BlackElo "2154"]
[WhiteFideId "14104202"]
[BlackFideId "7604734"]
[EventDate "2017.12.29"]

1. c4 e5 2. e3 Nf6 3. Nc3 d5 4. cxd5 Nxd5 5. Nf3 Nc6 6. Bb5 Nxc3 7. bxc3 Bd6 8.
d4 exd4 9. cxd4 O-O 10. O-O Bf5 11. Bb2 Nb4 12. a3 a6 13. Be2 Nd5 14. Qb3 Nb6
15. Ne5 Qe7 16. Bf3 Be6 17. Qc2 c6 18. e4 Rfd8 19. Be2 Rac8 20. Rfd1 Bxe5 21.
dxe5 Qg5 22. a4 Rxd1+ 23. Rxd1 Rd8 24. Rd6 Qe7 25. Qd1 Rc8 26. a5 Na8 27. Ba3
Qe8 28. Bc5 Nc7 29. Bb6 Nb5 30. Rd2 Nc3 31. Qe1 Nxe2+ 32. Qxe2 h6 33. h3 Qe7 34.
Rd6 Qg5 35. Qf3 Qxe5 36. Qe3 Qa1+ 37. Kh2 Qe5+ 38. Qg3 Qxg3+ 39. Kxg3 Kf8 40. f4
Ke8 41. f5 Bc4 42. Kf4 Bb5 43. e5 Ke7 44. Bc5 Ke8 45. Rd4 Rd8 46. Bd6 Rd7 47. g4
Kd8 48. h4 Kc8 49. h5 c5 50. Rd2 c4 51. Rc2 Kd8 52. Rc1 Ke8 53. Ke4 Bc6+ 54. Kd4
Bf3 55. Rg1 Bc6 56. g5 hxg5 57. Rxg5 f6 58. Rg3 fxe5+ 59. Kxe5 Kf7 60. Rc3 Bb5
61. Rg3 Rd8 62. Bc5 Rc8 63. Bd4 Rh8 64. Kf4 Rxh5 65. Rxg7+ Kf8 66. f6 Rh4+ 67.
Ke5 Rh3 68. Ke6 Rd3 69. Bc5+ Ke8 70. Rg8# 1-0

[Event "Mondiale Lampo FIDE 2017"]
[Site "Riyadh"]
[Date "30.12.2017"]
[Round "15.61"]
[White "Lodhi, Mahmood"]
[Black "Bukannan, Ahmed A"]
[Result "1-0"]
[WhiteTitle "IM"]
[WhiteElo "2347"]
[BlackElo "1929"]
[WhiteFideId "7800010"]
[BlackFideId "21504164"]
[EventDate "2017.12.29"]

1. d4 d5 2. Nf3 Nf6 3. g3 g6 4. Bg2 Bg7 5. O-O O-O 6. c4 c6 7. b3 Ne4 8. Bb2 Na6
9. e3 Nc7 10. Qe2 Bg4 11. h3 Bf5 12. Kh2 Re8 13. Nh4 Bd7 14. f3 Nf6 15. f4 Ne4
16. Nd2 Nxd2 17. Qxd2 a5 18. Nf3 Be6 19. Rac1 a4 20. Ne5 axb3 21. axb3 f6 22.
Nd3 Bf7 23. e4 dxe4 24. Bxe4 f5 25. Bf3 Bxd4 26. Bxd4 Qxd4 27. Qe2 Ra3 28. Rfd1
Rxb3 29. Ne5 Qb6 30. Rc2 Na6 31. Re1 Nc5 32. h4 Na4 33. h5 c5 34. hxg6 hxg6 35.
Nxf7 Kxf7 36. Bd5+ e6 37. Bf3 Rb2 38. Rxb2 Qxb2 39. Bxb7 Qxb7 40. Qe5 Rh8+ 41.
Qxh8 Qb2+ 42. Qxb2 Nxb2 43. Rc1 e5 44. fxe5 Ke6 45. Rc2 Nd3 46. Rc3 Nf2 47. Kg2
Ne4 48. Ra3 Kxe5 49. Rd3 Nd6 50. Rd5+ Ke6 51. Rxc5 g5 52. Kf3 Ne4 53. Rc8 Ke5
54. c5 Nd2+ 55. Kg2 f4 56. Rd8 f3+ 57. Kf2 Ne4+ 58. Kxf3 Nxc5 59. Kg4 Ke4 60.
Re8+ Kd3 61. Kxg5 Nb7 62. g4 Kd4 63. Kh6 Kd5 64. g5 Nc5 65. g6 Nd7 66. Rd8 Ke6
67. Rxd7 1-0

[Event "Mondiale Lampo FIDE 2017"]
[Site "Riyadh"]
[Date "30.12.2017"]
[Round "15.62"]
[White "Khairat, Ahmed"]
[Black "Lam, Daniel King-wai"]
[Result "1-0"]
[WhiteTitle "CM"]
[BlackTitle "FM"]
[WhiteElo "2211"]
[BlackElo "2222"]
[WhiteFideId "10624171"]
[BlackFideId "6001238"]
[EventDate "2017.12.29"]

1. e4 e6 2. d4 d5 3. Nc3 Nf6 4. e5 Nfd7 5. f4 c5 6. Nf3 Nc6 7. Be3 cxd4 8. Nxd4
Bc5 9. Qd2 O-O 10. O-O-O a6 11. g4 Nxd4 12. Bxd4 Qc7 13. Bg2 b5 14. Rhe1 b4 15.
Ne2 a5 16. Kb1 Ba6 17. Bxc5 Nxc5 18. Nd4 Rab8 19. f5 Na4 20. f6 h6 21. Ka1 Nc5
22. Re3 gxf6 23. Rh3 fxe5 24. Qxh6 f5 25. Qh8+ Kf7 26. Qh7+ 1-0

[Event "Mondiale Lampo FIDE 2017"]
[Site "Riyadh"]
[Date "30.12.2017"]
[Round "15.63"]
[White "Masrahi, Abdulrahman A"]
[Black "Al-Hajiri, Bader"]
[Result "0-1"]
[WhiteTitle "CM"]
[BlackTitle "FM"]
[WhiteElo "1962"]
[BlackElo "2165"]
[WhiteFideId "21501564"]
[BlackFideId "10300163"]
[EventDate "2017.12.29"]

1. d4 d5 2. Bf4 c5 3. e3 Nc6 4. c3 Qb6 5. Qb3 c4 6. Qc2 Bf5 7. Qxf5 Qxb2 8. Qxd5
Qxa1 9. Qb5 a6 10. Qxb7 Nd8 11. Qxa8 Qxb1+ 12. Ke2 Nf6 13. Bc7 Qd3+ 14. Kf3 Qf5+
15. Ke2 Qd7 16. Bxd8 Qxd8 17. Qc6+ Qd7 18. Qa8+ Qd8 19. Qc6+ Nd7 20. Nf3 f6 21.
Qxa6 Qb8 22. Qxc4 Qb2+ 23. Nd2 Qb7 24. a4 g6 25. f4 Bg7 26. Kf2 h5 27. Bd3 Nf8
28. Rb1 0-1

[Event "Mondiale Lampo FIDE 2017"]
[Site "Riyadh"]
[Date "30.12.2017"]
[Round "15.64"]
[White "Salama, Taher"]
[Black "Al Mahmood, Salman"]
[Result "0-1"]
[WhiteElo "1769"]
[BlackElo "1593"]
[WhiteFideId "11502231"]
[BlackFideId "11201517"]
[EventDate "2017.12.29"]

1. d4 Nf6 2. c4 e6 3. Nc3 Bb4 4. e3 O-O 5. Bd3 b6 6. Nf3 Bb7 7. Qc2 Bxc3+ 8.
Qxc3 d5 9. b3 Nbd7 10. Qc2 Rc8 11. O-O h6 12. Rd1 Ne4 13. Ne5 Nxe5 14. dxe5 Qg5
15. Bb2 Rfd8 16. cxd5 exd5 17. f4 Qh4 18. g3 Qh5 19. Qg2 Nc5 20. Be2 Qf5 21. Bd4
Ne4 22. Bd3 Qg4 23. Rac1 c5 24. Bb2 Qe6 25. Bxe4 dxe4 26. Rd2 Bd5 27. Rcd1 Rd7
28. f5 Qxf5 29. Rxd5 Rcd8 30. Rxd7 Rxd7 31. Rxd7 Qxd7 32. Qe2 Qe6 33. Qc4 Qg4
34. Kf2 Qf3+ 35. Ke1 Qxe3+ 36. Qe2 Qg1+ 37. Kd2 Qb1 38. Ke3 Qxa2 39. Qc2 Qa5 40.
Qc3 Qb5 41. Qc4 Qa5 42. Kxe4 Qe1+ 43. Kd5 Qd2+ 44. Kc6 Qd8 0-1

[Event "Mondiale Lampo FIDE 2017"]
[Site "Riyadh"]
[Date "30.12.2017"]
[Round "15.66"]
[White "Omar, Noaman"]
[Black "Al Abdali, Zeyad Saleh"]
[Result "0-1"]
[WhiteTitle "IM"]
[WhiteElo "2364"]
[BlackElo "1801"]
[WhiteFideId "9300244"]
[BlackFideId "21501505"]
[EventDate "2017.12.29"]

1. d4 Nf6 2. c4 b6 3. Nc3 c5 4. d5 d6 5. e4 e6 6. Bd3 Be7 7. Nge2 e5 8. h3 h6 9.
g4 Nbd7 10. Ng3 g6 11. h4 Bf8 12. Be3 Bg7 13. Be2 a6 14. a3 Qc7 15. Rc1 Nh7 16.
Qd2 Nhf6 17. Kf1 Nf8 18. Qd1 Bd7 19. Kg2 Rb8 20. b4 b5 21. bxc5 dxc5 22. cxb5
axb5 23. g5 hxg5 24. hxg5 Ng8 25. Rxh8 Bxh8 26. d6 Qc6 27. Nd5 Ne6 28. Qh1 Bg7
29. Nc7+ Nxc7 30. dxc7 Qxc7 31. Qh7 Ne7 32. Qxg7 c4 33. Qh8+ Ng8 34. Qxg8+ Ke7
35. Qg7 Rb6 36. Bd2 Bf5 37. Bb4+ Ke8 38. exf5 Qc6+ 39. Bf3 0-1

[Event "Mondiale Lampo FIDE 2017"]
[Site "Riyadh"]
[Date "30.12.2017"]
[Round "15.67"]
[White "Farhan, Marwan Ali"]
[Black "Al Habeeb, Emad"]
[Result "1-0"]
[WhiteElo "1975"]
[BlackElo "1933"]
[WhiteFideId "9401652"]
[BlackFideId "21500029"]
[EventDate "2017.12.29"]

1. e4 d6 2. d4 Nf6 3. Nc3 g6 4. f3 Bg7 5. Be3 O-O 6. Qd2 a6 7. a4 Nbd7 8. Bd3 e5
9. Nge2 exd4 10. Nxd4 Ne5 11. h4 h5 12. Be2 c5 13. Nb3 Be6 14. Bg5 Qb6 15. a5
Qa7 16. Nc1 Rad8 17. Nd3 Nc4 18. Qc1 Qb8 19. b3 Ne5 20. Nxe5 dxe5 21. O-O Rd7
22. Rd1 Rfd8 23. Rxd7 Rxd7 24. Na4 Qc7 25. Nb6 Rd8 26. Bc4 Bxc4 27. Nxc4 Qd7 28.
Kh1 Qe7 29. Qe3 Bf8 30. Qc3 Re8 31. Ne3 Qe6 32. Rd1 Nh7 33. Nd5 Bd6 34. Be3 Rd8
35. Bf2 Rc8 36. Nb6 Rc6 37. Nc4 Qf6 38. Kg1 Nf8 39. Qd2 Ne6 40. Nxd6 Nd4 41.
Bxd4 Rxd6 42. Qe2 cxd4 43. Qc4 Rc6 44. Qd3 Rc3 45. Qe2 Qc6 46. Rc1 d3 47. Qe3
dxc2 48. Qg5 Qc5+ 49. Kh2 Rxb3 50. Qd8+ Kh7 51. Qd2 Rc3 52. Qd7 Kg7 53. Qd2 Qd4
54. Qe2 Qc4 55. Qd2 Qd4 56. Qe2 Qc5 57. Qd2 Qc7 58. Qd5 Qc5 59. Qd2 Rc4 60. Qe2
Rc3 61. Qd2 Qc4 62. Qf2 f6 63. Qd2 Qc5 64. Qd7+ Kh6 65. Qd8 Qe3 66. Qh8# 1-0

[Event "Mondiale Lampo FIDE 2017"]
[Site "Riyadh"]
[Date "30.12.2017"]
[Round "15.68"]
[White "Al Zamel, Khaled"]
[Black "Alem, Ali Hussien"]
[Result "1-0"]
[WhiteElo "1942"]
[BlackElo "1745"]
[WhiteFideId "21500967"]
[BlackFideId "21500088"]
[EventDate "2017.12.29"]

1. e4 d6 2. d4 Nf6 3. Nc3 g6 4. Bc4 Bg7 5. a3 c6 6. Nf3 O-O 7. O-O b5 8. Bb3 Bb7
9. Be3 Nbd7 10. Qd2 Ng4 11. Bf4 e5 12. dxe5 dxe5 13. Bg3 Qe7 14. Rad1 Rad8 15.
Qe2 a6 16. Rd2 Nb6 17. h3 Rxd2 18. Qxd2 Nf6 19. Bxe5 c5 20. Bd6 Nc4 21. Qf4 Nxd6
22. e5 Nh5 23. exd6 Nxf4 24. dxe7 Re8 25. Re1 c4 26. Ba2 Bf6 27. b3 Bxc3 28. Re3
Bg7 29. bxc4 Ne6 30. cxb5 axb5 31. Bxe6 fxe6 32. Rxe6 Kf7 33. Rb6 Bxf3 34. gxf3
Rxe7 35. Rxb5 Re1+ 36. Kg2 Re2 37. Rc5 Bd4 38. Rc4 Bxf2 39. Kf1 Rd2 40. Rf4+ Ke6 1-0

[Event "Mondiale Lampo FIDE 2017"]
[Site "Riyadh"]
[Date "30.12.2017"]
[Round "15.69"]
[White "Al Saidi, Mohammed Khalfan"]
[Black "Miswadah, Baha"]
[Result "1/2-1/2"]
[WhiteElo "1468"]
[BlackElo "1877"]
[WhiteFideId "22001271"]
[BlackFideId "11502118"]
[EventDate "2017.12.29"]

1. d4 Nf6 2. c4 e6 3. Nc3 d5 4. cxd5 exd5 5. Bg5 c6 6. e3 Be7 7. Bd3 O-O 8. Nge2
Nbd7 9. O-O Re8 10. a3 Nf8 11. Qc2 Ne4 12. Bxe7 Qxe7 13. Nxe4 dxe4 14. Bc4 Be6
15. Nf4 Bxc4 16. Qxc4 Ne6 17. Nxe6 Qxe6 18. Qxe6 Rxe6 19. Rfc1 Rd8 20. b4 Red6
21. Rc5 Rd5 22. Rac1 Rxc5 23. Rxc5 f6 24. Kf1 Kf7 25. b5 Rd6 26. bxc6 Rxc6 27.
Rxc6 bxc6 28. Ke2 Ke6 29. Kd2 Kd5 30. Kc3 c5 31. dxc5 Kxc5 32. a4 a5 33. h4 h5
34. Kb3 g5 35. hxg5 fxg5 36. Kc3 h4 37. Kd2 g4 38. Ke2 Kc4 39. Kf1 Kb4 40. f3
gxf3 41. gxf3 exf3 42. Kf2 1/2-1/2

[Event "Mondiale Lampo FIDE 2017"]
[Site "Riyadh"]
[Date "30.12.2017"]
[Round "16.2"]
[White "Karjakin, Sergey"]
[Black "Korobov, Anton"]
[Result "1-0"]
[WhiteTitle "GM"]
[BlackTitle "GM"]
[WhiteElo "2760"]
[BlackElo "2652"]
[WhiteFideId "14109603"]
[BlackFideId "14105730"]
[EventDate "2017.12.29"]

1. e4 c5 2. Nf3 d6 3. d4 cxd4 4. Qxd4 a6 5. c4 Nc6 6. Qe3 g6 7. Be2 Bg7 8. h3
Nf6 9. O-O O-O 10. Nc3 Be6 11. Bd2 Nd7 12. Rac1 Nde5 13. b3 Nxf3+ 14. Bxf3 Nd4
15. Bg4 Bxg4 16. hxg4 e6 17. Rfd1 Qe7 18. Qd3 Rad8 19. Be3 Nc6 20. Qe2 Rfe8 21.
Qf3 Qh4 22. g5 Ne5 23. Qh3 Qxh3 24. gxh3 f5 25. gxf6 Bxf6 26. Kg2 Bg7 27. Rc2
Nc6 28. Na4 Nb4 29. Rcd2 b5 30. cxb5 axb5 31. Nc5 Nxa2 32. Rxd6 Rxd6 33. Rxd6
Nc3 34. f3 e5 35. Rd7 Ra8 36. Bd2 b4 37. Nd3 Bf8 38. Nxe5 Ra2 39. Nc4 Bc5 40.
Kg3 Ne2+ 41. Kg4 Nd4 42. e5 Nxb3 43. Bh6 Rg2+ 44. Kf4 Nd4 45. Ke4 Nf5 46. Bf4
Re2+ 47. Kd5 Bf8 48. Nd6 Bxd6 49. exd6 b3 50. Rb7 Re1 51. Rxb3 Rd1+ 52. Kc5 Nd4
53. Re3 Kf7 54. Re7+ Kf8 55. Bh6+ Kg8 56. Rg7+ Kh8 57. Re7 Kg8 58. d7 Nf5 59.
Re8+ Kf7 60. d8=Q Rxd8 61. Rxd8 Nxh6 62. Rd7+ Kg8 63. Kd5 Nf7 64. f4 Nh6 65. Ke6
Nf5 66. Kf6 1-0

[Event "Mondiale Lampo FIDE 2017"]
[Site "Riyadh"]
[Date "30.12.2017"]
[Round "16.5"]
[White "Artemiev, Vladislav"]
[Black "Esipenko, Andrey"]
[Result "1-0"]
[WhiteTitle "GM"]
[BlackTitle "FM"]
[WhiteElo "2691"]
[BlackElo "2564"]
[WhiteFideId "24101605"]
[BlackFideId "24175439"]
[EventDate "2017.12.29"]

1. d4 Nf6 2. Bg5 e6 3. Nd2 d5 4. e3 c5 5. c3 Nc6 6. Ngf3 Be7 7. Bd3 Qc7 8. O-O
O-O 9. Re1 Rd8 10. dxc5 Bxc5 11. Bxf6 gxf6 12. Nd4 Ne5 13. Bc2 f5 14. Qh5 Bf8
15. f4 Ng4 16. h3 Nf6 17. Qh4 Qe7 18. Qg5+ Kh8 19. Qg3 Ne4 20. Bxe4 fxe4 21. c4
Bg7 22. cxd5 Bxd4 23. exd4 exd5 24. Nf1 Rg8 25. Qh2 f5 26. Ne3 Be6 27. Kh1 Qb4
28. Rad1 Qxb2 29. g4 Qxh2+ 30. Kxh2 fxg4 31. f5 g3+ 32. Kg2 Bf7 33. Rc1 Rac8 34.
Rxc8 Rxc8 35. Kxg3 Kg7 36. Kf4 h5 37. Ke5 Rd8 38. Rg1+ Kf8 39. Rc1 Ke7 40. Rc7+
Rd7 41. f6+ Kd8 42. Rc1 Rc7 43. Rg1 Rc6 44. Rg7 Ke8 45. Rh7 b5 46. Rh8+ Kd7 47.
Rf8 Bg6 48. Kxd5 Rc3 49. Ng2 e3 50. Nf4 Bb1 51. Rf7+ Ke8 52. Re7+ Kd8 53. Ne6+
Kc8 54. f7 Bxa2+ 55. Kd6 1-0

[Event "Mondiale Lampo FIDE 2017"]
[Site "Riyadh"]
[Date "30.12.2017"]
[Round "16.7"]
[White "Dreev, Aleksey"]
[Black "Jobava, Baadur"]
[Result "1/2-1/2"]
[WhiteTitle "GM"]
[BlackTitle "GM"]
[WhiteElo "2653"]
[BlackElo "2690"]
[WhiteFideId "4100107"]
[BlackFideId "13601520"]
[EventDate "2017.12.29"]

1. d4 d5 2. c4 c6 3. Nf3 Nf6 4. e3 g6 5. Nc3 Bg7 6. Bd3 O-O 7. O-O Nbd7 8. cxd5
Nxd5 9. Qb3 Nc7 10. Rd1 Nb6 11. h3 h6 12. Qc2 Kh7 13. b3 f5 14. Ba3 Be6 15. Ne5
Qe8 16. Ne2 Nbd5 17. Re1 Rd8 18. Rad1 Nb5 19. Bxb5 cxb5 20. Nf4 Rc8 21. Qd2 Nxf4
22. exf4 Bd5 23. Nd3 Bf6 24. Qe3 Rc7 25. Bd6 Rd7 26. Be5 b6 27. Nb4 Qa8 28. f3
a5 29. Nxd5 Qxd5 30. Rc1 Kg7 31. Rc2 Kf7 32. Kh2 Rfd8 33. Rce2 Bxe5 34. Qxe5
Qxe5 35. Rxe5 b4 36. g4 Rc8 37. R1e2 fxg4 38. hxg4 Rcc7 1/2-1/2